|
|
|
|
| LEADER |
01848nam a2200421 i 4500 |
| 001 |
EBC6730029 |
| 003 |
MiAaPQ |
| 005 |
20220622090241.0 |
| 006 |
m o d | |
| 007 |
cr cnu|||||||| |
| 008 |
220622s2022 enk o 000 0 eng d |
| 020 |
|
|
|z 9780367707095
|q (print)
|
| 020 |
|
|
|a 9781000477245
|q (electronic bk.)
|
| 035 |
|
|
|a (MiAaPQ)EBC6730029
|
| 035 |
|
|
|a (Au-PeEL)EBL6730029
|
| 035 |
|
|
|a (OCoLC)1273975704
|
| 040 |
|
|
|a MiAaPQ
|b eng
|e rda
|e pn
|c MiAaPQ
|d MiAaPQ
|
| 043 |
|
|
|a as-----
|
| 050 |
|
4 |
|a HC441.Z9
|b .I584 2022
|
| 082 |
0 |
|
|a 338.0640959
|2 23
|
| 245 |
0 |
0 |
|a Intellectual property rights and ASEAN development in the digital age /
|c edited by Lurong Chen, Fukunari Kimura.
|
| 264 |
|
1 |
|a Abingdon, Oxon :
|b Routledge,
|c 2022.
|
| 300 |
|
|
|a 1 online resource (250 pages).
|
| 336 |
|
|
|a text
|b txt
|2 rdacontent
|
| 337 |
|
|
|a computer
|b c
|2 rdamedia
|
| 338 |
|
|
|a online resource
|b cr
|2 rdacarrier
|
| 490 |
1 |
|
|a Routledge-ERIA Studies in Development Economics
|
| 588 |
|
|
|a Description based on print version record.
|
| 590 |
|
|
|a Electronic reproduction. Ann Arbor, MI : ProQuest, 2018. Available via World Wide Web. Access may be limited to ProQuest affiliated libraries.
|
| 650 |
|
0 |
|a Technological innovations
|x Economic aspects
|z Southeast Asia.
|
| 650 |
|
0 |
|a Intellectual property
|z Southeast Asia.
|
| 655 |
|
4 |
|a Electronic books.
|
| 700 |
1 |
|
|a Chen, Lurong,
|e editor.
|
| 700 |
1 |
|
|a Kimura, Fukunari,
|e editor.
|
| 776 |
0 |
8 |
|i Print version:
|t Intellectual property rights and ASEAN development in the digital age.
|d Abingdon, Oxon : Routledge, c2022
|h 250 pages
|k Routledge-ERIA studies in development economics.
|z 9780367707095
|
| 797 |
2 |
|
|a ProQuest (Firm)
|
| 830 |
|
0 |
|a Routledge-ERIA studies in development economics.
|
| 856 |
4 |
0 |
|u https://ebookcentral.proquest.com/lib/matrademy/detail.action?docID=6730029
|z Click to View
|